| 000 | 00737pam a2200253 a 4500 | ||
|---|---|---|---|
| 008 | |||
| 020 | _a0716719363 (pbk.) | ||
| 049 | _aMAIN | ||
| 090 |
_aHM251 _bREA |
||
| 245 | 0 | 0 |
_aReadings about the social animal / _cedited by Elliot Aronson. |
| 250 | _a5th ed. | ||
| 260 |
_aNew York : _bW.H. Freeman, _c1988. |
||
| 300 |
_axx, 476 p. : _bill. ; _c24 cm. |
||
| 440 | 2 | _aA Series of books in psychology. | |
| 500 | _aIncludes index. | ||
| 504 | _aIncludes bibliographical references. | ||
| 650 | 0 | _aSocial psychology. | |
| 700 | 1 | _aAronson, Elliot. | |
| 907 |
_a.b10241292 _b03-06-09 _c27-04-07 |
||
| 003 | |||
| 005 | 20230123134433.0 | ||
| 040 | _cNUST | ||
| 942 |
_cBOOKS _kHM251 _mREA |
||
| 999 |
_c165902 _d165902 |
||